000 00292nam a22001337a 4500
008 180207b xxu||||| |||| 00| 0 eng d
020 _a9780323009140
041 _aeng
080 _a61
100 _a3
101 _aSHM
245 _aFAMILY PRACTICE REVIEW
_cALFRED.F.T
942 _2udc
_cBK
999 _c41999
_d41999